header

Periodization and sovereignty (Record no. 87859)

MARC details
000 -LEADER
fixed length control field 01693nam a2200445Ia 4500
082 04 - DEWEY DECIMAL CLASSIFICATION NUMBER
Classification number 901
100 1# - MAIN ENTRY--AUTHOR NAME
Personal name Davis, Kathleen,
245 10 - TITLE STATEMENT
Title Periodization and sovereignty
260 ## - PUBLICATION, DISTRIBUTION, ETC. (IMPRINT)
Place of publication Philadelphia :
Name of publisher University of Pennsylvania Press,
Year of publication c2008.
300 ## - PHYSICAL DESCRIPTION
Number of Pages 187 p.
490 1# - SERIES STATEMENT
Series statement Middle Ages series
650 #0 - SUBJECT ADDED ENTRY--TOPICAL TERM
Topical Term History
Topical Term History
Topical Term Time
Topical Term Civilization, Medieval.
Topical Term Civilization, Modern.
Topical Term Sovereignty.
Topical Term Feudalism.
Topical Term Secularization.
Topical Term History
Topical Term Historiography
856 40 - ELECTRONIC LOCATION AND ACCESS
Uniform Resource Identifier http://site.ebrary.com/lib/rucke/Doc?id=10576107

No items available.

© 2026 Rongo University
Contact us: librarian | system librarian | Rongo university